Catálogo público

Estudio del rendimiento y composición de la leche y su relación con la actividad reproductiva postparto en vacas lecheras / por Alejandro López Hernández (Record no. 216937)

MARC details
000 -CABECERA
campo de control de longitud fija 00831nam a2200205Ia 4500
001 - NÚMERO DE CONTROL
campo de control Z_4711
008 - DATOS DE LONGITUD FIJA--INFORMACIÓN GENERAL
campo de control de longitud fija 220601s9999 xx 000 0 und d
090 ## - LOCALMENTE ASIGNADO TIPO-LC NÚMERO DE CLASIFICACIÓN (OCLC); NÚMERO DE CLASIFICACIÓN LOCAL (RLIN)
Número de clasificación (OCLC) (R) ; Numero de clasificación, CALL (RLIN) (NR) Tesis L 1683
100 ## - ENTRADA PRINCIPAL--NOMBRE DE PERSONA
Nombre de persona López Hernández, Alejandro
9 (RLIN) 67959
245 ## - MENCIÓN DE TÍTULO
Título Estudio del rendimiento y composición de la leche y su relación con la actividad reproductiva postparto en vacas lecheras / por Alejandro López Hernández
260 ## - PUBLICACIÓN, DISTRIBUCIÓN, ETC.
Lugar de publicación, distribución, etc. Chapingo, Méx. : El autor
300 ## - DESCRIPCIÓN FÍSICA
Extensión 65 h.
502 ## - NOTA DE TESIS
Nota de tesis Tesis (Ing. Agr. Esp. en Zootecnia) -- UACH. Departamento de Zootecnia
650 ## - PUNTO DE ACCESO ADICIONAL DE MATERIA--TÉRMINO DE MATERIA
Término de materia o nombre geográfico como elemento de entrada 1. Leche - Producción 2. Leche - Composición 3. Ganado lechero - Reproducción4. Ganado lechero - GenéticaÌ
9 (RLIN) 181589
901 ## - ELEMENTOS DE DATOS A LOCAL LDA (RLIN)
a TESIS L 1683
902 ## - ELEMENTOS DE DATOS B LOCAL, LDB (RLIN)
a M
905 ## - ELEMENTOS DE DATOS E LOCAL, LDE (RLIN)
a 0000002002 0000000000 00
942 ## - ELEMENTOS DE PUNTO DE ACCESO ADICIONAL (KOHA)
Tipo de ítem Koha Tesis_
Holdings
Estado de retiro Estado de pérdida Fuente del sistema de clasificación o colocación Estado dañado Restricciones de uso No para préstamo Código de colección Localización permanente Ubicación/localización actual Fecha de adquisición Fuente de adquisición Total de préstamos Signatura topográfica completa Código de barras Fecha visto por última vez Número de copia Precio válido a partir de Tipo de ítem Koha
    Clasificación Universidad Autónoma de Chapingo   Préstamo 5 días   Tesis Zootecnia Zootecnia 09/11/2005 El autor   Tesis L67 1683 2002 5101002772 02/06/2022 Ej.2 02/06/2022 Tesis
    Clasificación Universidad Autónoma de Chapingo   Préstamo interno   Tesis Zootecnia Zootecnia 09/11/2005 El autor   Tesis L67 1683 2002 5101002771 02/06/2022 Ej.1 02/06/2022 Tesis